Matt Rugg : the many languages of sculpture /

"Examining for the first time the life and work of the sculptor Matt Rugg (1935- 2020), Michael Bird' s impeccably researched text vividly charts Rugg's parallel careers as artist and teacher in the context of developments in creative pedagogy in Britain during the second half of the...

Full description

Bibliographic Details
Main Authors: Bird, Michael, 1958- (Author), Sutcliffe, Harriet (Author)
Other Authors: Barlow, Phyllida (writer of postscript.), Rugg, Matt, 1935-2020
Format: Book
Language:English
Published: London : Lund Humphries, 2023.
Subjects:

MARC

Tag First Indicator Second Indicator Subfields
LEADER 00000cam a2200000 i 4500
001 in00005465607
008 230317t20232023enka b 001 0deng d
005 20250318222500.5
020 |a 9781848226623 
020 |a 1848226624  |q hardback 
035 |a (OCoLC)on1372130612 
035 |a (OCoLC)1372130612 
040 |a YDX  |b eng  |e rda  |c YDX  |d UKMGB  |d OCLCQ  |d YDX  |d OCLCF  |d OCLCO  |d CDX  |d YDX  |d PSC 
043 |a e-uk--- 
050 4 |a NB497.R84  |b B57 2023 
082 0 4 |a 730.92  |2 23 
100 1 |a Bird, Michael,  |d 1958-  |e author. 
245 1 0 |a Matt Rugg :  |b the many languages of sculpture /  |c Michael Bird ; with Harriet Sutcliffe. 
246 3 0 |a Many languages of sculpture 
264 1 |a London :  |b Lund Humphries,  |c 2023. 
264 4 |c ©2023 
300 |a 143 pages :  |b illustrations (chiefly color) ;  |c 27 x 23 cm 
336 |a text  |b txt  |2 rdacontent 
336 |a still image  |b sti  |2 rdacontent 
337 |a unmediated  |b n  |2 rdamedia 
338 |a volume  |b nc  |2 rdacarrier 
504 |a Includes bibliographical references and index. 
505 0 |a Introduction: points and pathways -- Tapestries of interconnectedness (1935-56) -- I just took to it, really (1956-63) -- Continuum of movements (1963-70) -- Wanting not to stand still (1970-94) -- One and the same (1994-2020) -- The Basic Course at Newcastle: teachers and students -- Postscript by Phyllida Barlow. 
520 |a "Examining for the first time the life and work of the sculptor Matt Rugg (1935- 2020), Michael Bird' s impeccably researched text vividly charts Rugg's parallel careers as artist and teacher in the context of developments in creative pedagogy in Britain during the second half of the twentieth century, and their implications for practice and teaching today. Highlighting the impressive range of Rugg's output, from his distinctive 'painted drawings' to large-scale metal constructions, and the unifying strands in his thought, this book skilfully draws together Rugg's work, ideas and inspirational role as an educator. Lavishly illustrated, it charts successive phases of Rugg's continuous experimentation with found industrial materials and form, and the subtle interrelationship in his work between two and three dimensions. Dr Harriet Sutcliffe's research into the Basic Course led by Victor Pasmore and Richard Hamilton at King's College, Newcastle, in the 1950s and 1960s provides fascinating insights into both Rugg's oeuvre and wider developments in British art practice and pedagogy"--  |c Provided by publisher. 
600 1 0 |a Rugg, Matt,  |d 1935-2020  |x Criticism and interpretation. 
650 0 |a Sculptors  |z Great Britain. 
650 6 |a Sculpteurs  |z Grande-Bretagne. 
650 7 |a Sculptors  |2 fast 
651 7 |a Great Britain  |2 fast 
655 7 |a Criticism, interpretation, etc.  |2 fast 
700 1 |a Sutcliffe, Harriet,  |e author. 
700 1 |a Barlow, Phyllida,  |e writer of postscript. 
700 1 2 |a Rugg, Matt,  |d 1935-2020.  |t Works.  |k Selections. 
852 8 |b pda,print  |z This title is available for the library to purchase for your use. Click the "Purchase It For Me" button to place a request. This item may take 5-10 business days to arrive. 
955 |a Print PDA title 
961 |m 565730 
999 f f |s f6bb400d-4dcb-4301-a80b-bb0d5ee4bf72  |i 4dc5d4f7-aae4-4fd9-9e3b-4be61ea11cb2  |t 0 
952 f f |a Texas A&M University  |b College Station  |c Sterling C. Evans Library  |d Purchase on Demand  |t 0  |e NB497.R84 B57 2023  |h Library of Congress classification 
998 f f |a NB497.R84 B57 2023  |t 0  |l Purchase on Demand